M-104- Sombrero

Bibliographic Details
Main Author: -mš (Author)
Format: Article
Language:Slovak
PhysicalDescription:Fot. 1.
Subjects:

MARC

LEADER 00000nab a2200000 a 4500
001 vtls000175470
003 SK-MaSNL
005 20260304073532.0
008 250422c1984 xo 0 slo
015 |a SNBRB19rr/mm-uuuuu 
035 |a CL0185583 
035 |a urn:nbn:sk:snk-ab4kq 
035 |a (urnnbn)urn:nbn:sk:snk:ar-a04x5g 
035 |a (uuid)1b1d7120-51ea-44bb-812d-4750dc928fca 
040 |a SNKBUCL  |b slo  |c SNKBUCL  |e AACR2 
041 0 |a slo 
044 |a xo  |c SK 
080 |a 524.7  |2 1981 
100 1 |a -mš  |4 aut  |9 853689 
245 1 0 |a M-104- Sombrero  |c -mš 
300 |b Fot. 1. 
650 0 7 |a galaxie  |2 snkbucl  |9 4397 
651 7 |a Sombrero (špirálová galaxia)  |2 snkbucl  |9 206651 
655 7 |a články z novín a časopisov  |2 snkbucl  |9 267496 
773 0 |t Kozmos  |g Roč. 15, č. 1 (1984), s. 8-9 
850 |a Slovenská národná knižnica 
852 |a Slovenská národná knižnica 
954 |a odborná, vedecká literatúra pôvodná (slovenská)  |2 lita 
958 |a article27 
958 |a RK 
958 |a OND 
958 |a EUIPO 
992 |a RBX 
999 |c 2772003  |d 2773933